| 000 | 01526nam a2200385 a 4500 | ||
|---|---|---|---|
| 001 | ebr10494543 | ||
| 003 | CaPaEBR | ||
| 006 | m u | ||
| 007 | cr cn||||||||| | ||
| 008 | 100812s2011 inua s 001 0 eng d | ||
| 010 | _z 2010934748 | ||
| 020 | _z9780470597132 (pbk : alk. paper) | ||
| 020 | _z0470597135 (pbk : alk. paper) | ||
| 020 | _z9781118013953 (e-book) | ||
| 020 | _z9781118013960 (e-book) | ||
| 020 | _z9781118013236 (e-book) | ||
| 040 |
_aCaPaEBR _cCaPaEBR |
||
| 035 | _a(OCoLC)759159268 | ||
| 050 | 1 | 4 |
_aTK5105.875.I6 _bR43 2011eb |
| 245 | 0 | 0 |
_aReal world SharePoint 2010 _h[electronic resource] : _bindispensable experiences from 22 MVPs / _cScott Hillier (editor) ; Reza Alirezaei ... [et al.] ; [foreword by Arpan Shah]. |
| 250 | _a1st ed. | ||
| 260 |
_aIndianapolis, Ind. : _bWiley Pub., Inc, _c2011. |
||
| 300 |
_axxxiv, 782 p. : _bill. |
||
| 490 | 0 | _aWrox Programmer to programmer | |
| 500 | _aIncludes index. | ||
| 533 |
_aElectronic reproduction. _bPalo Alto, Calif. : _cebrary, _d2013. _nAvailable via World Wide Web. _nAccess may be limited to ebrary affiliated libraries. |
||
| 630 | 0 | 0 | _aMicrosoft SharePoint (Electronic resource) |
| 650 | 0 | _aIntranets (Computer networks) | |
| 655 | 7 |
_aElectronic books. _2local |
|
| 700 | 1 | _aHillier, Scott. | |
| 700 | 1 | _aAlirezaei, Reza. | |
| 700 | 1 | _aShah, Arpan. | |
| 710 | 2 | _aebrary, Inc. | |
| 856 | 4 | 0 |
_uhttp://site.ebrary.com/lib/rucke/Doc?id=10494543 _zAn electronic book accessible through the World Wide Web; click to view |
| 999 |
_c232289 _d232289 |
||